Bài tập kinh tế học vĩ mô : Chương trình nâng cao

Tallennettuna:
Bibliografiset tiedot
Päätekijä: Nguyễn, Ái Đoàn, PGS.TS
Aineistotyyppi: Kirja
Julkaistu: Bách Khoa Hà Nội 2006
Tagit: Lisää tagi
Ei tageja, Lisää ensimmäinen tagi!
Thư viện lưu trữ: Mạng thư viện Đại học Đà Nẵng
LEADER 00599nam a2200229 a 4500
001 000029723
003 27094
005 20171030145630.0
008 171030s2006
020 |c 25000 
040 |a LTT 
082 0 |a 339  |b NG-Đ 
100 1 |a Nguyễn, Ái Đoàn, PGS.TS 
245 0 0 |a Bài tập kinh tế học vĩ mô : Chương trình nâng cao  |c Nguyễn Ái Đoàn. 
260 |b Bách Khoa Hà Nội  |c 2006 
OWN |a LTT 
999 |a From the UDN01 
TYP |a Monograph 
TYP |a Printed language 
980 |a Mạng thư viện Đại học Đà Nẵng